Boroughs of Inner London - Statistics

General Stats
  • This quiz has been taken 112 times
  • The average score is 9 of 12
Answers on the Map
Answers color-coded by a green-red scale on the quiz's map according to % correct below.
 
Answer Stats
Borough % Correct
Kensington and Chelsea
93%
Westminster
88%
Islington
80%
Hammersmith and Fulham
77%
Southwark
77%
Camden
75%
Greenwich
75%
Tower Hamlets
72%
Lambeth
71%
Hackney
68%
Lewisham
59%
Wandsworth
54%
No matching quizzes found
Score Distribution
Percent of People with Each Score
Percentile by Number Answered
Your Score History
You have not taken this quiz